[Event "Play for Durgesh Fundraiser Blitz"]
[Site "Vishy Anand Arena"]
[Date "2020.09.19"]
[Round "7"]
[White "grandmaster1361"]
[Black "Kmistry999"]
[Result "1-0"]
[WhiteElo "1733"]
[BlackElo "1676"]
[Annotator "NA"]
[PlyCount "69"]
[EventDate "2020.09.19"]
[EventType "swiss (blitz)"]

1. e3 c5 2. d4 cxd4 3. exd4 Nc6 4. Nf3 d5 5. Bf4 e6 6. Bb5 Bd7 7. O-O a6 8. Ba4 b5 9. Bb3 g6 10. c3 Bg7 11. Nbd2 Nf6 12. Ne5 Nxe5 13. Bxe5 O-O 14. Nf3 a5 15. Bc2 a4 16. Qd2 a3 17. b4 Bc6 18. h3 h5 19. Qe2 Kh7 20. Bd3 Bh6 21. Bxb5 Bb7 22. Rfd1 Ne4 23. Rd3 Nxc3 24. Rxc3 f6 25. Bc7 Qd7 26. Bxd7 Rf7 27. Qxe6 Rg7 28. Re1 Rag8 29. Qxf6 Bc8 30. Bxc8 Rxc8 31. Re7 Rcg8 32. Rxg7+ Rxg7 33. Be5 h4 34. Ng5+ Kh8 35. Qf8# 1-0

[Event "Play for Durgesh Fundraiser Blitz"]
[Site "Vishy Anand Arena"]
[Date "2020.09.19"]
[Round "7"]
[White "Arunava"]
[Black "Ragavesh"]
[Result "1-0"]
[WhiteElo "1726"]
[BlackElo "1707"]
[Annotator "NA"]
[PlyCount "67"]
[EventDate "2020.09.19"]
[EventType "swiss (blitz)"]

1. d4 f5 2. Nc3 Nf6 3. Bg5 e6 4. e4 fxe4 5. Nxe4 Be7 6. Bxf6 Bxf6 7. c3 O-O 8. Bd3 h6 9. Nf3 d5 10. Ng3 Nc6 11. Rc1 e5 12. dxe5 Nxe5 13. Nxe5 Bxe5 14. O-O Bxg3 15. fxg3 Be6 16. Qe2 Bf7 17. Qe5 c6 18. Qf5 g6 19. Qf4 Kh7 20. h4 Qb6+ 21. Kh2 c5 22. h5 c4 23. Bb1 Kg7 24. Qe5+ Kh7 25. Rf6 Qxb2 26. Rxf7+ Rxf7 27. hxg6+ Kg8 28. gxf7+ Kxf7 29. Rf1+ Kg8 30. Qe6+ Kh8 31. Qxh6+ Kg8 32. Bh7+ Kh8 33. Bg6+ Kg8 34. Qh7# 1-0

[Event "Play for Durgesh Fundraiser Blitz"]
[Site "Vishy Anand Arena"]
[Date "2020.09.19"]
[Round "7"]
[White "Ashutosh Agrawal"]
[Black "Sragvidhanvi"]
[Result "0-1"]
[WhiteElo "1726"]
[BlackElo "1641"]
[Annotator "NA"]
[PlyCount "142"]
[EventDate "2020.09.19"]
[EventType "swiss (blitz)"]

1. e4 c6 2. d4 d5 3. exd5 cxd5 4. c3 Nf6 5. Bd3 Nc6 6. Nf3 Bg4 7. O-O e6 8. h3 Bh5 9. Nbd2 Bd6 10. Qc2 Rc8 11. Qa4 a6 12. Nh2 Qc7 13. Ndf3 O-O 14. Bg5 Be7 15. Rac1 Qd8 16. Qd1 Qb6 17. Qd2 Na5 18. b3 Ba3 19. Rc2 Be7 20. Ne5 Rc7 21. Bf4 Rfc8 22. Qe3 Rxc3 23. Rxc3 Rxc3 24. Qg3 Bg6 25. Rd1 Bxd3 26. Rxd3 Rxd3 27. Qxd3 Qb5 28. Qd2 Ne4 29. Qc1 Qe2 30. f3 Qf2+ 31. Kh1 Nd6 32. Nhg4 Qxa2 33. Qd1 Nxb3 34. Qe1 Qa1 35. Qxa1 Nxa1 36. Kh2 Nc2 37. Nd3 Nxd4 38. Be5 N4f5 39. Nc5 f6 40. Bb2 e5 41. Ne6 Kf7 42. Nc7 d4 43. Na8 Nc4 44. Bc1 Ke6 45. Nc7+ Kd6 46. Ne8+ Kd7 47. Nxg7 Nxg7 48. Nf2 Nf5 49. Ne4 Kc6 50. Bd2 Ncd6 51. Be1 Nxe4 52. fxe4 Ne3 53. Bf2 Kc5 54. g4 Kc4 55. Kg3 Kd3 56. Kf3 Nf1 57. Kg2 Ke2 58. Bh4 Ne3+ 59. Kg3 d3 60. Kh2 d2 61. Bg3 d1=Q 62. h4 Nf1+ 63. Kh3 Nxg3 64. g5 Qh1+ 65. Kg4 fxg5 66. Kxg3 gxh4+ 67. Kg4 Qg2+ 68. Kf5 Qg5+ 69. Ke6 Qf6+ 70. Kd7 Qd6+ 71. Kc8 b5 0-1

[Event "Play for Durgesh Fundraiser Blitz"]
[Site "Vishy Anand Arena"]
[Date "2020.09.19"]
[Round "7"]
[White "Ahaanmehta"]
[Black "Advait30"]
[Result "0-1"]
[WhiteElo "1716"]
[BlackElo "1926"]
[Annotator "NA"]
[PlyCount "100"]
[EventDate "2020.09.19"]
[EventType "swiss (blitz)"]

1. e4 c5 2. Nf3 g6 3. d4 cxd4 4. Nxd4 Bg7 5. Nc3 Nc6 6. Be3 Nf6 7. Be2 O-O 8. h4 d5 9. exd5 Nxd5 10. h5 Nxe3 11. fxe3 Nxd4 12. exd4 Qxd4 13. Qxd4 Bxd4 14. h6 Be3 15. Rd1 Bf5 16. Bd3 Be6 17. Ke2 Bb6 18. a3 Bg4+ 19. Kd2 Bxd1 20. Rxd1 Rfd8 21. Re1 e6 22. Re4 Rd4 23. Rxd4 Bxd4 24. Ke2 Bf6 25. Kf3 Bg5 26. Ne4 Bxh6 27. g4 Bc1 28. b3 Bxa3 29. g5 Be7 30. Bc4 a5 31. Kf4 a4 32. bxa4 Rxa4 33. Bb3 Ra5 34. Kg4 Rf5 35. c4 Bd8 36. Bc2 Ra5 37. Kf4 Kg7 38. Nd6 Bc7 39. c5 Rxc5 40. Ke4 Bxd6 41. Kd4 Rxc2 42. Ke4 Rc5 43. Kd4 b5 44. Kd3 b4 45. Kd4 b3 46. Kd3 b2 47. Kd4 b1=Q 48. Ke3 Qb3+ 49. Kf2 Rc2+ 50. Ke1 Qb1# 0-1

[Event "Play for Durgesh Fundraiser Blitz"]
[Site "Vishy Anand Arena"]
[Date "2020.09.19"]
[Round "7"]
[White "chessking2003 qw"]
[Black "RIJUD"]
[Result "1-0"]
[WhiteElo "1714"]
[BlackElo "1209"]
[Annotator "NA"]
[PlyCount "57"]
[EventDate "2020.09.19"]
[EventType "swiss (blitz)"]

1. e4 c5 2. Nf3 d6 3. d4 cxd4 4. Nxd4 Nc6 5. Nc3 Nf6 6. Bg5 e6 7. Qd2 Be7 8. O-O-O O-O 9. f4 a6 10. Bc4 Bd7 11. Bb3 b5 12. Bxf6 Bxf6 13. Nxc6 Bxc6 14. Qxd6 Qxd6 15. Rxd6 Rac8 16. e5 Be7 17. Rd2 Bb4 18. a3 Ba5 19. Rhd1 h6 20. Rd3 Bxg2 21. Rg3 Bc6 22. Rdg1 g6 23. f5 exf5 24. Rxg6+ Kh7 25. Rg7+ Kh8 26. Bxf7 Rc7 27. e6 Ra8 28. R7g6 Be4 29. Rxh6# 1-0

[Event "Play for Durgesh Fundraiser Blitz"]
[Site "Vishy Anand Arena"]
[Date "2020.09.19"]
[Round "7"]
[White "A1263a"]
[Black "Sparsh gupta"]
[Result "1/2-1/2"]
[WhiteElo "1706"]
[BlackElo "1497"]
[Annotator "NA"]
[PlyCount "215"]
[EventDate "2020.09.19"]
[EventType "swiss (blitz)"]

1. Nf3 Nf6 2. g3 g6 3. Bg2 Bg7 4. O-O O-O 5. d4 d6 6. c3 Nbd7 7. Nbd2 e5 8. e4 Re8 9. Re1 Nb6 10. a4 a5 11. b3 Bd7 12. Bb2 c6 13. b4 Qc7 14. bxa5 Rxa5 15. c4 exd4 16. Nxd4 d5 17. exd5 cxd5 18. cxd5 Nbxd5 19. Rxe8+ Bxe8 20. Rc1 Rc5 21. Rxc5 Qxc5 22. N4b3 Qb4 23. Bxf6 Nxf6 24. a5 Ba4 25. Qf3 Bxb3 26. Nxb3 Qe1+ 27. Bf1 Ne4 28. Kg2 Nd2 29. Nxd2 Qxd2 30. Qxb7 Qxa5 31. Qc8+ Bf8 32. Qd7 Qf5 33. Qb7 Qf6 34. Qe4 Qf5 35. Qe8 Qd5+ 36. f3 Kg7 37. Qe2 Bc5 38. Qb2+ Qd4 39. Qe2 Kf6 40. f4 Qg1+ 41. Kh3 Qd4 42. Bg2 Qd7+ 43. Qg4 Qxg4+ 44. Kxg4 h5+ 45. Kf3 g5 46. Bf1 g4+ 47. Ke4 Bg1 48. f5 Bxh2 49. Kf4 Bg1 50. Bc4 Bc5 51. Bd5 Be7 52. Bg2 Kg7 53. Be4 h4 54. Ke5 hxg3 55. Bg2 Bf6+ 56. Kf4 Bh4 57. Kxg4 Bf6 58. Kxg3 Bc3 59. Kf4 Kf6 60. Be4 Ba1 61. Bf3 Bb2 62. Bg4 Bc3 63. Bf3 Ba1 64. Bg4 Bc3 65. Kg3 Ba1 66. Kh4 Bb2 67. Kh5 Bc1 68. Bh3 Bb2 69. Bg4 Ke5 70. Bh3 Kf4 71. Bg4 Ke5 72. Bh3 Kf6 73. Kh6 Bd4 74. Kh7 Be3 75. Kg8 Bd4 76. Kf8 Bc5+ 77. Ke8 Bb6 78. Kd7 Bd4 79. Kd6 Be3 80. Kd5 Bf4 81. Ke4 Bg5 82. Kf3 Bh6 83. Kg4 Bf8 84. Kh5 Be7 85. Kg4 Bb4 86. Kf3 Ba3 87. Ke4 Bb2 88. Kd5 Ba3 89. Kc6 Bc1 90. Kd7 Bh6 91. Ke8 Bf4 92. Kf8 Bg3 93. Ke8 Bh2 94. Kf8 Bf4 95. Kg8 Bd2 96. Kh7 Bc1 97. Bg4 Ba3 98. Kg8 Bb4 99. Kh7 Bc5 100. Kg8 Bd4 101. Kh7 Ke5 102. Bh3 Kf6 103. Kg8 Be5 104. Kh7 Bb2 105. Kg8 Ba1 106. Kh7 Bd4 107. Kg8 Bc3 108. Kh7 1/2-1/2

[Event "Play for Durgesh Fundraiser Blitz"]
[Site "Vishy Anand Arena"]
[Date "2020.09.19"]
[Round "7"]
[White "Hrishikeshrr"]
[Black "Chess_king123"]
[Result "1-0"]
[WhiteElo "1703"]
[BlackElo "1536"]
[Annotator "NA"]
[PlyCount "45"]
[EventDate "2020.09.19"]
[EventType "swiss (blitz)"]

1. Nf3 d5 2. g3 Nc6 3. Bg2 e5 4. O-O Nf6 5. d3 Bd6 6. Nbd2 O-O 7. e4 dxe4 8. Nxe4 Nxe4 9. dxe4 Bg4 10. h3 Be6 11. Be3 Qd7 12. c3 Bxh3 13. Qe2 Bxg2 14. Kxg2 Rfe8 15. Rh1 Rad8 16. Rh2 h6 17. Rah1 Kh7 18. Ng5+ Kg8 19. Qh5 f6 20. Nf3 Qf7 21. Qg4 Rf8 22. Rxh6 Qe7 23. Qg6 1-0

[Event "Play for Durgesh Fundraiser Blitz"]
[Site "Vishy Anand Arena"]
[Date "2020.09.19"]
[Round "7"]
[White "Aneesh009"]
[Black "aaronreeve"]
[Result "0-1"]
[WhiteElo "1695"]
[BlackElo "1837"]
[Annotator "NA"]
[PlyCount "144"]
[EventDate "2020.09.19"]
[EventType "swiss (blitz)"]

1. Nf3 d5 2. g3 c6 3. Bg2 Nf6 4. O-O Nbd7 5. d3 e5 6. Nbd2 Bc5 7. Re1 O-O 8. e4 Qb6 9. Qe2 Ng4 10. Rf1 dxe4 11. Nxe4 f5 12. Nxc5 Qxc5 13. h3 Ngf6 14. Be3 Qe7 15. Rfe1 e4 16. dxe4 fxe4 17. Nd2 Ne5 18. Bf4 Bf5 19. Rad1 Rae8 20. Nc4 Nxc4 21. Qxc4+ Qe6 22. Qxe6+ Rxe6 23. Rd6 Rxd6 24. Bxd6 Rd8 25. Be7 Rd2 26. Bxf6 gxf6 27. Bxe4 Bxe4 28. Rxe4 Rxc2 29. Rb4 b6 30. Rb3 Kf7 31. Kf1 c5 32. Ra3 a5 33. Rb3 Ke6 34. Rxb6+ Ke5 35. Ke1 f5 36. Rb5 Ke4 37. Rb3 a4 38. Re3+ Kd4 39. b3 a3 40. Re2 Kc3 41. Re5 Rxa2 42. Rxc5+ Kxb3 43. Rxf5 Rb2 44. Rf4 a2 45. Rf3+ Kc2 46. Ra3 Kb1 47. Ra7 a1=Q 48. Rxa1+ Kxa1 49. f4 Ka2 50. g4 Kb3 51. f5 Kc4 52. g5 Kd5 53. g6 hxg6 54. fxg6 Ke6 55. h4 Kf6 56. h5 Kg7 57. Kd1 Rb5 58. Ke2 Rxh5 59. Kf3 Kxg6 60. Kg4 Rf5 61. Kh4 Kf6 62. Kg4 Ke5 63. Kh4 Ke4 64. Kg4 Re5 65. Kg3 Rg5+ 66. Kf2 Kf4 67. Ke2 Rd5 68. Kf2 Rd2+ 69. Ke1 Ke3 70. Kf1 Kf3 71. Ke1 Rd3 72. Kf1 Rd1# 0-1

[Event "Play for Durgesh Fundraiser Blitz"]
[Site "Vishy Anand Arena"]
[Date "2020.09.19"]
[Round "7"]
[White "Mukunda2507"]
[Black "RRaman"]
[Result "1-0"]
[WhiteElo "1690"]
[BlackElo "1845"]
[Annotator "NA"]
[PlyCount "93"]
[EventDate "2020.09.19"]
[EventType "swiss (blitz)"]

1. e4 e6 2. d4 d6 3. c4 g6 4. Nc3 a6 5. Nf3 h6 6. Be2 Bg7 7. O-O b6 8. Be3 Ne7 9. e5 dxe5 10. Nxe5 Nd7 11. Nf3 Bb7 12. Ne1 Nf5 13. Bf3 Bxf3 14. Nxf3 O-O 15. Qd2 Nxe3 16. fxe3 c5 17. Rad1 cxd4 18. exd4 Qc7 19. b3 Rfd8 20. Ne4 Rac8 21. Qe3 f5 22. Nc3 Re8 23. Rfe1 e5 24. Nd5 Qd6 25. dxe5 Nxe5 26. Nxe5 Bxe5 27. Qxh6 Bd4+ 28. Kh1 Bg7 29. Qg5 b5 30. Ne7+ Rxe7 31. Qxe7 Qxe7 32. Rxe7 bxc4 33. bxc4 Rxc4 34. Rd8+ Kh7 35. h3 Kh6 36. Rdd7 Rc1+ 37. Kh2 Be5+ 38. Rxe5 Rc2 39. h4 Kh5 40. Ree7 Kxh4 41. Rh7+ Kg4 42. Rd4+ f4 43. Rg7 g5 44. Rd6 f3 45. Rd5 Rxg2+ 46. Kh1 Kh4 47. Rh7+ 1-0

[Event "Play for Durgesh Fundraiser Blitz"]
[Site "Vishy Anand Arena"]
[Date "2020.09.19"]
[Round "7"]
[White "suryamnaik"]
[Black "Prasadm"]
[Result "1-0"]
[WhiteElo "1684"]
[BlackElo "1520"]
[Annotator "NA"]
[PlyCount "21"]
[EventDate "2020.09.19"]
[EventType "swiss (blitz)"]

1. e4 e5 2. Nf3 Nc6 3. Bb5 a6 4. Ba4 b5 5. Bb3 Nf6 6. Ng5 d5 7. exd5 Nxd5 8. Nxf7 Kxf7 9. Qf3+ Ke8 10. Bxd5 Bb7 11. Qf7# 1-0

[Event "Play for Durgesh Fundraiser Blitz"]
[Site "Vishy Anand Arena"]
[Date "2020.09.19"]
[Round "7"]
[White "Srivishva"]
[Black "Saathwikthegreat"]
[Result "1/2-1/2"]
[WhiteElo "1681"]
[BlackElo "1566"]
[Annotator "NA"]
[PlyCount "107"]
[EventDate "2020.09.19"]
[EventType "swiss (blitz)"]

1. e4 c5 2. d3 Nc6 3. f4 f6 4. Nf3 e5 5. f5 d6 6. h3 Nh6 7. g4 Nf7 8. Bg2 Bd7 9. Nc3 Be7 10. Nd5 Nb4 11. Nc3 O-O 12. a3 Nc6 13. O-O Na5 14. Be3 b6 15. Nd5 Bc6 16. Nc3 Qd7 17. Nh2 Nb7 18. Qf3 h6 19. Qg3 Ng5 20. h4 Nf7 21. Nf3 Qd8 22. Bh3 g5 23. hxg5 hxg5 24. Bg2 Kg7 25. Kf2 Rh8 26. Rh1 Qd7 27. Rxh8 Rxh8 28. Rh1 Qe8 29. Rxh8 Qxh8 30. Qh3 Qxh3 31. Bxh3 Kh6 32. Nd5 Bxd5 33. exd5 Na5 34. c4 Nb3 35. Nd2 Nd4 36. Bxd4 exd4 37. Nf3 Ne5 38. Nxe5 dxe5 39. Kf3 Bd6 40. Ke4 Kg7 41. b3 Kf7 42. Bg2 Ke7 43. Bf3 a5 44. Be2 Kd7 45. a4 Ke7 46. Bf3 Kd7 47. Be2 Ke7 48. Bf1 Kf7 49. Bg2 Kg7 50. Bf3 Kh6 51. Bd1 Kg7 52. Bc2 Kf7 53. Bd1 Bc7 54. Bf3 1/2-1/2

[Event "Play for Durgesh Fundraiser Blitz"]
[Site "Vishy Anand Arena"]
[Date "2020.09.19"]
[Round "7"]
[White "Ritwik chess"]
[Black "Crazyintrovert"]
[Result "1-0"]
[WhiteElo "1670"]
[BlackElo "1608"]
[Annotator "NA"]
[PlyCount "69"]
[EventDate "2020.09.19"]
[EventType "swiss (blitz)"]

1. c4 e5 2. g3 Nf6 3. Bg2 g6 4. Nc3 Bg7 5. d3 O-O 6. Nf3 d6 7. O-O Nc6 8. a3 Re8 9. b4 a6 10. Bb2 Rb8 11. Qc2 Bg4 12. Rac1 Bxf3 13. Bxf3 Nd4 14. Qd1 Nxf3+ 15. exf3 c6 16. Ne4 d5 17. Nxf6+ Bxf6 18. Kg2 d4 19. Re1 Bg7 20. Re2 Re6 21. Qa4 Rf6 22. Rxe5 Qd6 23. Rce1 Rxf3 24. Re8+ Rxe8 25. Rxe8+ Bf8 26. Kxf3 Qf6+ 27. Kg2 Kg7 28. Qa5 Qd6 29. Qd8 Qxd8 30. Rxd8 c5 31. bxc5 Bxc5 32. Bxd4+ Bxd4 33. Rxd4 Kf6 34. Rd7 Ke6 35. Rxb7 1-0

[Event "Play for Durgesh Fundraiser Blitz"]
[Site "Vishy Anand Arena"]
[Date "2020.09.19"]
[Round "7"]
[White "Kaushik kh"]
[Black "nachikethv"]
[Result "1-0"]
[WhiteElo "1656"]
[BlackElo "1594"]
[Annotator "NA"]
[PlyCount "41"]
[EventDate "2020.09.19"]
[EventType "swiss (blitz)"]

1. e4 e6 2. d4 d5 3. exd5 exd5 4. Nf3 Nc6 5. c4 Nf6 6. Nc3 Bg4 7. Be2 Bb4 8. h3 Bxc3+ 9. bxc3 Bf5 10. cxd5 Nxd5 11. c4 Nc3 12. Qd2 Na4 13. Ba3 Qd7 14. d5 Ne7 15. Ne5 Qc8 16. Qb4 c5 17. dxc6 Qc7 18. Qxa4 Qxe5 19. cxb7+ Bd7 20. bxa8=Q+ Nc8 21. Qxc8# 1-0

[Event "Play for Durgesh Fundraiser Blitz"]
[Site "Vishy Anand Arena"]
[Date "2020.09.19"]
[Round "7"]
[White "Tknayak101"]
[Black "Varunrambharose"]
[Result "1-0"]
[WhiteElo "1655"]
[BlackElo "1818"]
[Annotator "NA"]
[PlyCount "69"]
[EventDate "2020.09.19"]
[EventType "swiss (blitz)"]

1. e4 c6 2. Nc3 d5 3. Nf3 Bg4 4. Be2 e6 5. O-O Nd7 6. d4 dxe4 7. Nxe4 Bxf3 8. Bxf3 Ngf6 9. Nxf6+ Nxf6 10. c4 Be7 11. Bf4 O-O 12. Qd2 Qd7 13. Rfd1 Rad8 14. Qc3 h6 15. a3 Bd6 16. Be5 Ne4 17. Bxe4 Bxe5 18. Bf3 Bxd4 19. Qb4 b6 20. g3 c5 21. Qb3 Qe7 22. Kg2 Qf6 23. Rab1 Rd6 24. a4 Rfd8 25. a5 g6 26. axb6 axb6 27. h4 e5 28. Rd2 Kg7 29. Bd5 Qf5 30. Qf3 Qxb1 31. Qxf7+ Kh8 32. Re2 Qf5 33. Qa7 Qf6 34. Qa4 Rf8 35. Qc2 1-0

[Event "Play for Durgesh Fundraiser Blitz"]
[Site "Vishy Anand Arena"]
[Date "2020.09.19"]
[Round "7"]
[White "skipper_chess"]
[Black "Shankhodip"]
[Result "0-1"]
[WhiteElo "1651"]
[BlackElo "1446"]
[Annotator "NA"]
[PlyCount "124"]
[EventDate "2020.09.19"]
[EventType "swiss (blitz)"]

1. e4 c5 2. Nc3 a6 3. f4 b5 4. a3 Bb7 5. d3 e6 6. Nf3 d5 7. exd5 exd5 8. Be2 Nf6 9. O-O Be7 10. Qe1 O-O 11. Ne5 Nc6 12. Nxc6 Bxc6 13. Bd2 Re8 14. Qg3 Bd6 15. Rae1 Qb6 16. Kh1 Re7 17. Bf3 Rae8 18. Rxe7 Rxe7 19. Re1 Qd8 20. Rxe7 Qxe7 21. Qe1 Qxe1+ 22. Bxe1 Bxf4 23. Bf2 c4 24. dxc4 bxc4 25. Na2 Ba4 26. Nb4 Bb5 27. Nxd5 Nxd5 28. Bxd5 Bc1 29. Bd4 Kf8 30. Bc3 f6 31. Kg1 Ke7 32. Kf1 Kd6 33. Be4 Bxb2 34. Bxb2 c3+ 35. Ke1 cxb2 36. c3 Bc4 37. Bb1 Bb3 38. Kd2 Kd5 39. Kd3 h6 40. c4+ Bxc4+ 41. Kc3 Bf1 42. g3 Bg2 43. Kxb2 Be4 44. Ba2+ Kd4 45. Kc1 Bd5 46. Bb1 Be4 47. Ba2 f5 48. Kd2 g5 49. Be6 f4 50. gxf4 gxf4 51. Bg4 f3 52. Bh3 Bd3 53. Ke1 Ke3 54. Bf1 f2+ 55. Kd1 Bxf1 56. a4 Bg2 57. Kc2 f1=Q 58. Kb2 Qd3 59. Ka1 Kd2 60. a5 Kc2 61. Ka2 Qb3+ 62. Ka1 Qb2# 0-1

[Event "Play for Durgesh Fundraiser Blitz"]
[Site "Vishy Anand Arena"]
[Date "2020.09.19"]
[Round "7"]
[White "Srikant Nayak"]
[Black "vaca100"]
[Result "0-1"]
[WhiteElo "1648"]
[BlackElo "1751"]
[Annotator "NA"]
[PlyCount "72"]
[EventDate "2020.09.19"]
[EventType "swiss (blitz)"]

1. e4 c5 2. Nf3 g6 3. d4 cxd4 4. Nxd4 Bg7 5. Nc3 Nc6 6. Be3 Nf6 7. Be2 O-O 8. O-O d6 9. Qd2 Bd7 10. Nxc6 Bxc6 11. Bf3 b6 12. Bh6 Rc8 13. Bxg7 Kxg7 14. Rad1 Qc7 15. Rc1 Qb7 16. Rfe1 Kg8 17. h3 Nd7 18. Nd5 Ne5 19. Be2 Bxd5 20. exd5 Rfe8 21. f4 Nd7 22. Bg4 Rcd8 23. Re3 Nf6 24. Bf3 Rc8 25. Rce1 Rc5 26. Qe2 Kf8 27. c4 Qc7 28. b3 a6 29. g4 b5 30. g5 Ng8 31. Re4 bxc4 32. bxc4 Rc8 33. h4 Rxc4 34. h5 Qc5+ 35. Kg2 Rc2 36. Rxe7 Nxe7 0-1

[Event "Play for Durgesh Fundraiser Blitz"]
[Site "Vishy Anand Arena"]
[Date "2020.09.19"]
[Round "7"]
[White "Tchitnis"]
[Black "Big_lion"]
[Result "1-0"]
[WhiteElo "1647"]
[BlackElo "1299"]
[Annotator "NA"]
[PlyCount "115"]
[EventDate "2020.09.19"]
[EventType "swiss (blitz)"]

1. e4 g6 2. Nf3 Bg7 3. d4 d6 4. Nc3 Bg4 5. Be3 Nf6 6. Qd2 Nbd7 7. Be2 O-O 8. O-O-O d5 9. e5 Ne4 10. Nxe4 dxe4 11. Ng5 Bf5 12. g4 Be6 13. d5 f6 14. dxe6 Nxe5 15. Nxe4 Qxd2+ 16. Rxd2 Rad8 17. Rhd1 Rxd2 18. Rxd2 c6 19. Bxa7 f5 20. gxf5 gxf5 21. Nc3 Bh6 22. Be3 f4 23. Bd4 f3 24. Bd3 Nxd3+ 25. cxd3 Bxd2+ 26. Kxd2 Rd8 27. Bc5 h5 28. Bxe7 Re8 29. Bg5 Rxe6 30. Ne4 Re5 31. h4 c5 32. Kc3 b5 33. a3 b4+ 34. axb4 cxb4+ 35. Kxb4 Re8 36. Kc4 Rc8+ 37. Kd4 Ra8 38. Kc3 Ra2 39. b4 Ra3+ 40. Kc4 Ra2 41. b5 Rc2+ 42. Kb3 Rc1 43. Nd6 Rc2 44. Kxc2 Kf8 45. Kc3 Kg7 46. Kc4 Kg6 47. Kc5 Kg7 48. b6 Kg8 49. Kc6 Kh7 50. Kc7 Kg6 51. b7 Kg7 52. b8=Q Kh7 53. Qb6 Kg6 54. Nc4+ Kg7 55. Qf6+ Kh7 56. Qh6+ Kg8 57. Qg6+ Kh8 58. Bf6# 1-0

[Event "Play for Durgesh Fundraiser Blitz"]
[Site "Vishy Anand Arena"]
[Date "2020.09.19"]
[Round "7"]
[White "Abdulkalam25677853"]
[Black "Tustintin"]
[Result "1-0"]
[WhiteElo "1637"]
[BlackElo "1603"]
[Annotator "NA"]
[PlyCount "61"]
[EventDate "2020.09.19"]
[EventType "swiss (blitz)"]

1. d4 c6 2. Nf3 d5 3. c4 e6 4. Nc3 dxc4 5. a4 Bb4 6. e4 Nd7 7. Bxc4 c5 8. O-O cxd4 9. Nxd4 Bxc3 10. bxc3 e5 11. Nb5 Ngf6 12. Nd6+ Ke7 13. Ba3 Nc5 14. Bxc5 Nd7 15. Ba3 Qb6 16. Nxc8+ Kd8 17. Nxb6 axb6 18. Bxf7 Kc7 19. Qd6+ Kc8 20. Be6 Rd8 21. Qxb6 Ra6 22. Bxd7+ Rxd7 23. Qc5+ Rc6 24. Qxe5 Rdc7 25. Rfd1 Kb8 26. Rd7 Rxc3 27. Rxc7 Rxc7 28. Rc1 g5 29. Qxc7+ Ka7 30. Rc5 h5 31. Ra5# 1-0

[Event "Play for Durgesh Fundraiser Blitz"]
[Site "Vishy Anand Arena"]
[Date "2020.09.19"]
[Round "7"]
[White "BalbirSinghRana"]
[Black "Thewinner64"]
[Result "0-1"]
[WhiteElo "1634"]
[BlackElo "1338"]
[Annotator "NA"]
[PlyCount "56"]
[EventDate "2020.09.19"]
[EventType "swiss (blitz)"]

1. e4 c5 2. Nf3 g6 3. c3 Bg7 4. d4 cxd4 5. cxd4 d5 6. e5 Bg4 7. Bb5+ Nd7 8. Nbd2 a6 9. Ba4 b5 10. Bb3 Nb6 11. h3 Bxf3 12. Qxf3 e6 13. O-O Ne7 14. g4 O-O 15. Kh2 Nc6 16. Qd3 f6 17. Nf3 fxe5 18. Nxe5 Nxe5 19. dxe5 Bxe5+ 20. f4 Bd6 21. Be3 Qc7 22. Rf3 Bxf4+ 23. Bxf4 Rxf4 24. Raf1 Rxf3+ 25. Kg2 Rxd3 26. Bc2 Qg3+ 27. Kh1 Rd2 28. Be4 Qh2# 0-1

[Event "Play for Durgesh Fundraiser Blitz"]
[Site "Vishy Anand Arena"]
[Date "2020.09.19"]
[Round "7"]
[White "TOY 2"]
[Black "Mastering tempo"]
[Result "1/2-1/2"]
[WhiteElo "1628"]
[BlackElo "1870"]
[Annotator "NA"]
[PlyCount "30"]
[EventDate "2020.09.19"]
[EventType "swiss (blitz)"]

1. d4 d5 2. Bf4 Nc6 3. e3 Bf5 4. c4 Nf6 5. Nc3 e6 6. Bd3 Bg6 7. Nf3 dxc4 8. Bxc4 Be7 9. Bb5 O-O 10. Bxc6 bxc6 11. Ne5 c5 12. Nc6 Qd7 13. Ne5 Qd8 14. Nc6 Qd7 15. Ne5 Qd8 1/2-1/2

[Event "Play for Durgesh Fundraiser Blitz"]
[Site "Vishy Anand Arena"]
[Date "2020.09.19"]
[Round "7"]
[White "Architsaigal"]
[Black "shreyansh1"]
[Result "1-0"]
[WhiteElo "1623"]
[BlackElo "1512"]
[Annotator "NA"]
[PlyCount "47"]
[EventDate "2020.09.19"]
[EventType "swiss (blitz)"]

1. e4 e5 2. Nf3 Nc6 3. d4 exd4 4. Bc4 Bc5 5. c3 dxc3 6. O-O Nge7 7. Nxc3 O-O 8. Bg5 Kh8 9. Re1 f6 10. Bf4 d6 11. Na4 Bb6 12. Nxb6 axb6 13. Rc1 Ne5 14. Bb3 c5 15. Qd2 Qe8 16. Qxd6 Bg4 17. Nxe5 fxe5 18. Bxe5 Rd8 19. Qxb6 Qh5 20. Bd6 Rd7 21. Qxc5 Ng6 22. Bxf8 Rd2 23. Qc3 Qg5 24. Qxg7# 1-0

[Event "Play for Durgesh Fundraiser Blitz"]
[Site "Vishy Anand Arena"]
[Date "2020.09.19"]
[Round "7"]
[White "amurali"]
[Black "Neevptl"]
[Result "0-1"]
[WhiteElo "1614"]
[BlackElo "1918"]
[PlyCount "62"]
[EventDate "2020.09.19"]
[EventType "swiss (blitz)"]

1. e4 c5 2. Nc3 Nc6 3. f4 Nf6 4. Nf3 d5 5. e5 Ng8 6. d4 e6 7. Bb5 Bd7 8. O-O cxd4 9. Nxd4 Bc5 10. Bxc6 Bxc6 11. Kh1 Bd7 12. f5 Qh4 13. fxe6 fxe6 14. Ndb5 O-O-O 15. Rf4 Qe7 16. Na4 Bxb5 17. Nxc5 Qxc5 18. Rf3 Kb8 19. Ra3 a6 20. Bg5 Rc8 21. Qg4 Nh6 22. Bxh6 gxh6 23. Qxe6 Qxc2 24. Rg1 Qe4 25. Rf3 Rhe8 26. Qxh6 Qxe5 27. b3 Re6 28. Qxh7 Rh8 29. Rf6 Rxh7 30. Rf8+ Ka7 31. Rb8 Qxh2# 0-1

[Event "Play for Durgesh Fundraiser Blitz"]
[Site "Vishy Anand Arena"]
[Date "2020.09.19"]
[Round "7"]
[White "V_j"]
[Black "aagam aditya e"]
[Result "0-1"]
[WhiteElo "1610"]
[BlackElo "1711"]
[Annotator "NA"]
[PlyCount "76"]
[EventDate "2020.09.19"]
[EventType "swiss (blitz)"]

1. c4 Nf6 2. g3 e6 3. Bg2 d5 4. cxd5 exd5 5. Nf3 c5 6. O-O Nc6 7. d4 c4 8. Nc3 Bd6 9. Re1 O-O 10. b3 Bb4 11. Bb2 cxb3 12. axb3 Be6 13. Qc2 Ne4 14. Rec1 Rc8 15. Nd2 Nxd4 16. Qd3 Nxd2 17. Qxd2 Nxb3 18. Qf4 Nxa1 19. Qxb4 d4 20. Rxa1 dxc3 21. Bxc3 Qc7 22. Qd4 Qxc3 23. Qxc3 Rxc3 24. Bxb7 Bh3 25. f4 Rc7 26. Bf3 Be6 27. Kf2 g6 28. Ra6 Kg7 29. g4 Rb8 30. Ra4 Rb6 31. h4 Bd7 32. h5 Bxa4 33. hxg6 hxg6 34. Kg3 a5 35. Kf2 Bc6 36. e4 a4 37. Ke3 a3 38. Bd1 a2 0-1

[Event "Play for Durgesh Fundraiser Blitz"]
[Site "Vishy Anand Arena"]
[Date "2020.09.19"]
[Round "7"]
[White "NJ2004"]
[Black "Shreesuday"]
[Result "1-0"]
[WhiteElo "1603"]
[BlackElo "1555"]
[Annotator "NA"]
[PlyCount "67"]
[EventDate "2020.09.19"]
[EventType "swiss (blitz)"]

1. e4 e5 2. Nf3 Nc6 3. Bb5 d6 4. d4 a6 5. Ba4 b5 6. Bb3 h6 7. dxe5 Nxe5 8. Nxe5 dxe5 9. Bxf7+ Ke7 10. Qh5 Qd6 11. Bd5 Nf6 12. Qf7+ Kd8 13. Bxa8 Be6 14. Qg6 Bg4 15. O-O Bh5 16. Qg3 Be2 17. Re1 c6 18. Nc3 Bh5 19. Be3 Kc7 20. Rad1 Qe7 21. f3 Kb8 22. Bxc6 Kc7 23. Bd5 Nxd5 24. Nxd5+ Kd8 25. Nxe7+ Kxe7 26. Bc5+ Ke8 27. Qxe5+ Kf7 28. Rd8 Bg6 29. Re8 Kg8 30. Rxf8+ Kh7 31. Rxh8+ Kxh8 32. Rd1 Kh7 33. Bf8 Kg8 34. Qxg7# 1-0

[Event "Play for Durgesh Fundraiser Blitz"]
[Site "Vishy Anand Arena"]
[Date "2020.09.19"]
[Round "7"]
[White "ArunaD"]
[Black "Castle_64"]
[Result "0-1"]
[WhiteElo "1601"]
[BlackElo "1664"]
[Annotator "NA"]
[PlyCount "54"]
[EventDate "2020.09.19"]
[EventType "swiss (blitz)"]

1. f4 e5 2. d4 exd4 3. Nf3 Nc6 4. Nxd4 Nxd4 5. Qxd4 Nf6 6. e4 Qe7 7. e5 d6 8. b3 dxe5 9. fxe5 Nd7 10. Bb2 f6 11. Nd2 Qxe5+ 12. Qxe5+ Nxe5 13. Bxe5 fxe5 14. O-O-O Ba3+ 15. Kb1 O-O 16. Bc4+ Kh8 17. Rhf1 Bg4 18. Rxf8+ Rxf8 19. Nf3 Bxf3 20. gxf3 Rxf3 21. Rd8+ Rf8 22. Rd7 Bd6 23. a4 e4 24. Bd5 b6 25. Bxe4 Bxh2 26. Bd5 Be5 27. Re7 Rf1+ 0-1